Nghiên cứu một số đặc điểm sinh học, sinh hóa và kĩ thuật nuôi nghêu (Meretrix lyrata Sowerby) ở vùng ven biển Tiền Giang, Bến Tre : Chuyên ngành nuôi cá biển và nghề cá

Đề tài xác định một số đặc điểm sinh học của nghêu đồng thời khảo sát những kỹ thuật nuôi đang được áp dụng ở vùng đồng bằng sông Cửu Long từ đó rút ra được những thông số kỹ thuật ảnh hưởng đến năng suất nuôi làm cơ sở ch oviẹ...

תיאור מלא

שמור ב:
מידע ביבליוגרפי
מחבר ראשי: Trương, Quốc Phú
פורמט: ספר
שפה:Undetermined
יצא לאור: Nha Trang Trường Đại học thủy sản 1997
נושאים:
תגים: הוספת תג
אין תגיות, היה/י הראשונ/ה לתייג את הרשומה!
Thư viện lưu trữ: Trung tâm Học liệu Trường Đại học Cần Thơ
LEADER 01285nam a2200217Ia 4500
001 CTU_142714
008 210402s9999 xx 000 0 und d
082 |a 639.4 
082 |b Ph500 
088 |a 40502 
100 |a Trương, Quốc Phú 
245 0 |a Nghiên cứu một số đặc điểm sinh học, sinh hóa và kĩ thuật nuôi nghêu (Meretrix lyrata Sowerby) ở vùng ven biển Tiền Giang, Bến Tre : 
245 0 |b Chuyên ngành nuôi cá biển và nghề cá 
245 0 |c Trương Quốc Phú; Nguyễn Chính giáo viên hướng dẫn 
260 |a Nha Trang 
260 |b Trường Đại học thủy sản 
260 |c 1997 
520 |a Đề tài xác định một số đặc điểm sinh học của nghêu đồng thời khảo sát những kỹ thuật nuôi đang được áp dụng ở vùng đồng bằng sông Cửu Long từ đó rút ra được những thông số kỹ thuật ảnh hưởng đến năng suất nuôi làm cơ sở ch oviệc cải tiến kỹ thuật nuôi trồng 
650 |a Mollusks,Nuôi nghêu 
904 |i Năm 
980 |a Trung tâm Học liệu Trường Đại học Cần Thơ